000 00328nam a2200157Ia 4500
008 191121s9999||||xx |||||||||||||| ||und||
040 _aIMU-MPC
082 _aColumn-5
100 _aIMO
245 0 _aISPS Code
260 _aMumbai
260 _bBhandarkar Publications
260 _c2003
300 _aix, 141
942 _cBK
999 _c1876
_d1876